It can't happen here / (Record no. 126835)

MARC details
000 -LEADER
campo de control de longitud fija 02249cam a22004811a 4500
001 - NÚMERO DE CONTROL
campo de control 6906479
003 - IDENTIFICADOR DE NÚMERO DE CONTROL
campo de control BJBSDDR
005 - FECHA Y HORA DE LA ÚLTIMA TRANSACCIÓN
campo de control 20260415133833.0
007 - CAMPO FIJO DE DESCRIPCIÓN FÍSICA--INFORMACIÓN GENERAL
campo de control de longitud fija ta
008 - DATOS DE LONGITUD FIJA--INFORMACIÓN GENERAL
campo de control de longitud fija 790322s2014 nyue 000 0 eng
010 ## - NÚMERO DE CONTROL DE LA BIBLIOTECA DEL CONGRESO
Número de control de LC 39012294
020 ## - NÚMERO INTERNACIONAL ESTÁNDAR DEL LIBRO
Número Internacional Estándar del Libro 9780451465641
020 ## - NÚMERO INTERNACIONAL ESTÁNDAR DEL LIBRO
Número Internacional Estándar del Libro 0451465644
035 ## - NÚMERO DE CONTROL DEL SISTEMA
Número de control de sistema 6906479
035 ## - NÚMERO DE CONTROL DEL SISTEMA
Número de control de sistema (OCoLC)4766491
040 ## - FUENTE DE CATALOGACIÓN
Centro catalogador/agencia de origen DLC
Centro/agencia transcriptor MiD
Centro/agencia modificador TxU-Hu
-- DLC
Lengua de catalogación eng
041 ## - CÓDIGO DE IDIOMA
Código de lengua del texto/banda sonora o título independiente eng
050 00 - SIGNATURA TOPOGRÁFICA DE LA BIBLIOTECA DEL CONGRESO
Número de clasificación PS3523.E94
Número de ítem I8 1938
100 1# - ENTRADA PRINCIPAL--NOMBRE DE PERSONA
Nombre de persona Lewis, Sinclair,
Fechas asociadas al nombre 1885-1954
9 (RLIN) 47985
245 10 - MENCIÓN DEL TÍTULO
Título It can't happen here /
Mención de responsabilidad, etc. Sinclair Lewis; epilogue by Gary Scharnhorst ; introduction by Michael Meyer.
250 ## - MENCION DE EDICION
Mención de edición 1st ed.
260 ## - PUBLICACIÓN, DISTRIBUCIÓN, ETC.
Lugar de publicación, distribución, etc. New York :
Nombre del editor, distribuidor, etc. Signet Classics,
Fecha de publicación, distribución, etc. 2014.
300 ## - DESCRIPCIÓN FÍSICA
Extensión 396 pages ;
Dimensiones 20 cm.
336 ## - TIPO DE CONTENIDO
Término de tipo de contenido text
Código de tipo de contenido txt
Fuente rdacontent
337 ## - TIPO DE MEDIO
Nombre/término del tipo de medio unmediated
Código del tipo de medio n
Fuente rdamedia
338 ## - TIPO DE SOPORTE
Nombre/término del tipo de soporte volume
Código del tipo de soporte nc
Fuente rdacarrier
520 ## - RESUMEN, ETC.
Sumario, etc. Sinclair Lewis's "It Can't Happen Here" is a chillingly prophetic political satire that chronicles the rise of Berzelius "Buzz" Windrip, a populist demagogue who wins the American presidency by promising to restore prosperity and traditional values. Once in power, Windrip quickly dismantles democratic institutions, replaces the judiciary with military courts, and enforces a fascist regime through his private militia, the "Minute Men." The narrative follows Doremus Jessup, a liberal newspaper editor from Vermont, as he evolves from a skeptical observer to a leader in the underground resistance, ultimately illustrating that even a nation built on liberty is not immune to the siren song of authoritarianism and the erosion of civil rights.
650 #0 - PUNTO DE ACCESO ADICIONAL DE MATERIA--TÉRMINO DE MATERIA
Término de materia o nombre geográfico como elemento de entrada Presidents
Subdivisión general Election
Subdivisión de forma Drama.
650 #0 - PUNTO DE ACCESO ADICIONAL DE MATERIA--TÉRMINO DE MATERIA
Término de materia o nombre geográfico como elemento de entrada Anti-fascist movements
Subdivisión de forma Drama.
650 #0 - PUNTO DE ACCESO ADICIONAL DE MATERIA--TÉRMINO DE MATERIA
Término de materia o nombre geográfico como elemento de entrada Newspaper editors
Subdivisión de forma Drama.
650 #0 - PUNTO DE ACCESO ADICIONAL DE MATERIA--TÉRMINO DE MATERIA
Término de materia o nombre geográfico como elemento de entrada Dictators
Subdivisión de forma Drama.
650 #0 - PUNTO DE ACCESO ADICIONAL DE MATERIA--TÉRMINO DE MATERIA
Término de materia o nombre geográfico como elemento de entrada Fascists
Subdivisión de forma Drama.
651 #0 - PUNTO DE ACCESO ADICIONAL DE MATERIA--NOMBRE GEOGRÁFICO
Nombre geográfico Vermont
Subdivisión de forma Drama.
651 #0 - PUNTO DE ACCESO ADICIONAL DE MATERIA--NOMBRE GEOGRÁFICO
Nombre geográfico Canada
Subdivisión de forma Drama.
655 #7 - TERMINO DE INDIZACIÓN--GENERO/FORMA
Datos o término principal de género/forma Political plays.
Fuente del término lcsh
655 #7 - TERMINO DE INDIZACIÓN--GENERO/FORMA
Datos o término principal de género/forma Drama.
Fuente del término lcgft
Número de control del registro de autoridad o número normalizado https://id.loc.gov/authorities/genreForms/gf2014026297
700 1# - ENTRADA AGREGADA--NOMBRE PERSONAL
Nombre de persona Scharnhorst, Gary
9 (RLIN) 47983
700 1# - ENTRADA AGREGADA--NOMBRE PERSONAL
Nombre de persona Meyer, Michael,
Fechas asociadas al nombre 1945-
9 (RLIN) 47984
906 ## - ELEMENTOS DE DATOS F LOCAL, LDF (RLIN)
a 7
b cbc
c oclcrpl
d u
e ncip
f 19
g y-gencatlg
942 ## - ELEMENTOS DE ENTRADA SECUNDARIOS (KOHA)
Fuente del sistema de clasificación o colocación Clasificación de Library of Congress
Suprimir en OPAC No
Tipo de ítem Koha Libro
946 ## - PROCESAMIENTO DE INFORMACIÓN LOCAL (OCLC)
Iniciales del agente catalogador rmza
Holdings
Estatus retirado Estado de pérdida Fuente del sistema de clasificación o colocación Estado de daño No para préstamo Colección Biblioteca de origen Biblioteca actual Ubicación en estantería Fecha de adquisición Signatura topográfica completa Código de barras Visto por última vez Copia número Tipo de ítem Koha
    Clasificación de Library of Congress     Automatización y Procesos Técnicos Biblioteca Juan Bosch Biblioteca Juan Bosch Automatización y Procesos Técnicos (1er. Piso) 15/04/2026 PS3523.E94 I8 1938 00000183824 15/04/2026 1 Libro